| 000 | 01151cam a2200337 a 4500 | ||
|---|---|---|---|
| 001 | 4293 | ||
| 003 | FISKH | ||
| 005 | 20240712152637.0 | ||
| 008 | 001101s2001 nyua c 000 1 eng | ||
| 010 | _a 00053511 | ||
| 020 | _a0064408655 | ||
| 020 | _a9780064408653 | ||
| 020 | _a0060288906 (lib. bdg.) | ||
| 040 |
_aDLC _cDLC _dDLC _beng |
||
| 050 | _aPZ7.S6795 | ||
| 082 | _a813.6 | ||
| 100 | 1 | _aSnicket, Lemony. | |
| 245 | 1 | 4 |
_aThe vile village / _cby Lemony Snicket ; illustrations by Brett Helquist. |
| 260 |
_aNew York : _bHarperCollins, _c2001. |
||
| 300 |
_a256 pages : _billustrations ; _c19 cm |
||
| 490 | 1 |
_aA series of unfortunate events ; _vBook. 7 |
|
| 520 | _aUnder a new government program based on the saying "It takes a village to raise a child," the Baudelaire orphans are adopted by an entire town, with disastrous results. | ||
| 650 | 1 |
_aOrphans _vFiction. |
|
| 650 | 1 |
_aSiblings _vFiction. |
|
| 650 | 1 |
_aCity and town life _vFiction. |
|
| 650 | 1 | _aHumorous stories. | |
| 700 | 1 |
_aHelquist, Brett, _eillustrator |
|
| 906 |
_a7 _bcbc _corignew _d1 _eocip _f20 _gy-gencatlg |
||
| 942 |
_2ddc _cBK _n0 |
||
| 999 |
_c4293 _d4293 |
||